000 00261nam a2200097Ia 4500
008 231107s2007 xx 000 0 und d
041 _aeng
100 _aHymers Paul
245 _aHome Extensions : The Complete Handbook
260 _aLondon
_bNew Holland pub.
_c2007
999 _c929495
_d929495